Microeconomics

Salvato in:
Dettagli Bibliografici
Autore principale: Horehájová, Mária
Altri autori: Marasová, Jana
Natura: Libro
Lingua:inglese
Pubblicazione: Banská Bystrica Univerzita Mateja Bela, Ekonomická fakulta v Banskej Bystrici 2009
Soggetti:
Tags: Aggiungi Tag
Nessun Tag, puoi essere il primo ad aggiungerne!!

MARC

LEADER 00000nam$a2200000$$$4500
001 0112866
005 20240223111913.4
020 |a 978-80-8083-794-5 
041 0 |a eng 
044 |a SK 
245 1 0 |a Microeconomics  |c Mária Horehájová, Jana Marasová 
264 1 |a Banská Bystrica  |b Univerzita Mateja Bela, Ekonomická fakulta v Banskej Bystrici  |c 2009 
300 |a 158 s. 
610 2 0 |a mikroekonomika 
610 2 0 |a myslenie ekonomické 
610 2 0 |a vývoj 
610 2 0 |a trh 
610 2 0 |a správanie spotrebiteľa 
610 2 0 |a firmy 
610 2 0 |a produkcia 
610 2 0 |a náklady 
610 2 0 |a zisk 
610 2 0 |a konkurencia 
610 2 0 |a trh práce 
610 2 0 |a príjmy 
610 2 0 |a redistribúcia 
100 1 |a Horehájová, Mária 
700 1 |a Marasová, Jana